| 000 -CABECERA |
| Longitud fija campo de control |
00739nam a22001817a 4500 |
| 003 - IDENTIFICADOR DEL NÚMERO DE CONTROL |
| Identificador del número de control |
OSt |
| 005 - FECHA Y HORA DE LA ÚLTIMA TRANSACCIÓN |
| Fecha y hora de la última transacción |
20130610100649.0 |
| 008 - CÓDIGOS DE INFORMACIÓN DE LONGITUD FIJA |
| Códigos de información de longitud fija |
130426s spa||||| |||| 00| 0 cat d |
| 040 ## - FUENTE DE LA CATALOGACIÓN |
| Centro transcriptor |
CDMR |
| 100 1# - PUNTO DE ACCESO PRINCIPAL-NOMBRE DE PERSONA |
| 9 (RLIN) |
647 |
| Nombre de persona |
Costa i Fernández, Lluís |
| 245 10 - MENCIÓN DE TÍTULO |
| Título |
Temps de transició |
| Resto del título |
: la premsa municipal al Baix Empordà |
| Mención de responsabilidad, etc. |
Lluís Costa |
| 260 ## - PUBLICACIÓN, DISTRIBUCIÓN, ETC. (PIE DE IMPRENTA) |
| Lugar de publicación, distribución, etc. |
[Begur] |
| Nombre del editor, distribuidor, etc. |
Ajuntament de Begur |
| Fecha de publicación, distribución, etc. |
DL 2005 |
| 300 ## - DESCRIPCIÓN FÍSICA |
| Extensión |
26 p. |
| Otras características físicas |
il. |
| 500 ## - NOTA GENERAL |
| Nota general |
Una primera versió de l'obra va ser presentada al VIIè congrés de l'Associación de Historiadores de la Comunicación (Barcelona, 18 i 19 de novembre de 2004) sot el nom "25 años de libertad de expresión". |
| 650 04 - PUNTO DE ACCESO ADICIONAL DE MATERIA - TÉRMINO DE MATERIA |
| 9 (RLIN) |
3717 |
| Término de materia o nombre geográfico como elemento inicial |
Premsa comarcal |
| Subdivisión geográfica |
Catalunya |
| 710 1# - PUNTO DE ACCESO ADICIONAL - NOMBRE DE ENTIDAD |
| 9 (RLIN) |
2849 |
| Nombre de entidad o nombre de jurisdicción como elemento inicial |
Begur |
| Unidad subordinada |
-- Ajuntament |
| 942 ## - ENTRADA DE ELEMENTOS AGREGADOS (KOHA) |
| Fuente de clasificaión o esquema |
|
| Koha [por defecto] tipo de item |
Fullets |